Crítica de la razón pura: estética trascendental y analítica trascendenta.

Guardado en:
Bibliografiske detaljer
Hovedforfatter: Kant, Manuel
Format: Bog
Sprog:Undetermined
Udgivet: Buenos Aires, Argentina Losada 1986
Udgivelse:12
Fag:
Tags: Tilføj Tag
Ingen Tags, Vær først til at tagge denne postø!

MARC

LEADER 00000nam a2200000Ia 4500
008 170316s9999 xx 000 0 und d
090 |a 100 K-1cre 
100 |a Kant, Manuel 
245 |a Crítica de la razón pura: estética trascendental y analítica trascendenta. 
250 |a 12 
260 |a Buenos Aires, Argentina 
260 |b Losada 
260 |c 1986 
300 |a 367 páginas Tomo I 
650 |a FILOSOFÍA 
999 |c 16660  |d 16660 
040 |a cru BVZT 
942 |c 15 D  |h 100 K-1cre  |2 z